书目信息 |
| 题名: |
黄河流域生态保护与高质量发展研究
|
|
| 作者: | 赵爱武 , 关洪军 , 孙珍珍 著 | |
| 分册: | ||
| 出版信息: | 北京 经济科学出版社 2022.06 |
|
| 页数: | 257页 | |
| 开本: | 24cm | |
| 丛书名: | ||
| 单 册: | ||
| 中图分类: | X321.22 | |
| 科图分类: | ||
| 主题词: | ||
| 电子资源: | ||
| ISBN: | 978-7-5218-3437-6 | |
| 000 | 01714nam0 2200301 450 | |
| 001 | 29132 | |
| 005 | 20221011171212.90 | |
| 010 | @a978-7-5218-3437-6@dCNY68.00 | |
| 099 | @aCAL 012022070320 | |
| 100 | @a20220801d2022 em y0chiy50 ea | |
| 101 | 0 | @achi |
| 102 | @aCN@b110000 | |
| 105 | @aak a 000yy | |
| 200 | 1 | @a黄河流域生态保护与高质量发展研究@Ahuang he liu yu sheng tai bao hu yu gao zhi liang fa zhan yan jiu@d= Ecological protection and high quality development on the Yellow River basin@f赵爱武, 关洪军, 孙珍珍著@zeng |
| 210 | @a北京@c经济科学出版社@d2022.06 | |
| 215 | @a257页@c图@d24cm | |
| 300 | @a国家社科基金后期资助项目 | |
| 314 | @a赵爱武, 女, 山东财经大学管理科学与工程学院副教授, 海洋经济与管理研究院研究员, 硕士生导师, 武汉理工大学工学博士, 江苏大学管理科学与工程博士后, 研究方向是区域经济高质量发展、政策设计与评估、复杂系统理论与方法、社会科学计算实验等。 | |
| 320 | @a有书目 (第245-257页) | |
| 330 | @a本书系统辨识黄河流域生态?; び敫咧柿糠⒄沟哪诤卣鳌⒔峁刮取⒐亓叵岛褪笨昭荼? 揭示其“五维一体”系统协同发展的内在机理与自组织演化机制, 构建多维度-多尺度-多层次的评价指标体系, 探明高质量发展低效环节和突出短板, 优化?; び敕⒄剐氖迪致肪? 进而通过兼具系统性、适应性和灵活性的治理体系和政策体系, 实现“科学判断、智能规划、精准治理”, 为黄河流域生态?; び敫咧柿糠⒄固峁├砺塾爰际踔С拧? | |
| 510 | 1 | @aEcological protection and high quality development on the Yellow River basin@zeng |
| 607 | @a黄河流域@Ahuang he liu yu@x生态环境保护@x经济发展@x研究 | |
| 690 | @aX321.22@v5 | |
| 701 | 0 | @a赵爱武@Azhao ai wu@4著 |
| 701 | 0 | @a关洪军@Aguan hong jun@4著 |
| 701 | 0 | @a孙珍珍@Asun zhen zhen@4著 |
| 801 | 0 | @aCN@c20220910 |
| 905 | @a河南城建学院图书馆@dX321.22@eZ290@f1 | |
| 黄河流域生态保护与高质量发展研究= Ecological protection and high quality development on the Yellow River basin/赵爱武, 关洪军, 孙珍珍著.-北京:经济科学出版社,2022.06 |
| 257页:图;24cm |
| 国家社科基金后期资助项目 |
| ISBN 978-7-5218-3437-6:CNY68.00 |
| 本书系统辨识黄河流域生态?; び敫咧柿糠⒄沟哪诤卣鳌⒔峁刮取⒐亓叵岛褪笨昭荼? 揭示其“五维一体”系统协同发展的内在机理与自组织演化机制, 构建多维度-多尺度-多层次的评价指标体系, 探明高质量发展低效环节和突出短板, 优化?; び敕⒄剐氖迪致肪? 进而通过兼具系统性、适应性和灵活性的治理体系和政策体系, 实现“科学判断、智能规划、精准治理”, 为黄河流域生态?; び敫咧柿糠⒄固峁├砺塾爰际踔С拧? |
| ● |
| 相关链接 |
|
|
|
正题名:黄河流域生态保护与高质量发展研究
索取号:X321.22/Z290
 
预约/预借
| 序号 | 登录号 | 条形码 | 馆藏地/架位号 | 状态 | 备注 |
| 1 | 1582559 | 215825597 | 自科库501/501自科库 66排2列1层/ [索取号:X321.22/Z290] | 在馆 |